000 00324nam a2200109Ia 4500
008 171204s9999 xx 000 0 und d
245 _aSamsung Galaxy Tabs For Dummies:
245 _cDan Gookin
260 _c2014
650 _xADVANCED OPERATING SYSTEM AND NETWORKING
856 _uhttp://down.ebook777.com/052/1118772946.pdf
999 _c347114
_d347114